State Flags That Include Red, White, and Blue - Statistics

General Stats
  • This quiz has been taken 27 times
  • The average score is 3 of 7
Answer Stats
Flag Name % Correct
Texas
82%
Hawaii
59%
Arkansas
47%
Mississippi
41%
Ohio
41%
Tennessee
35%
Wyoming
24%
No matching quizzes found
Score Distribution
Percent of People with Each Score
Percentile by Number Answered
Your Score History
You have not taken this quiz